Dictionnaire francais-grec : de terminologie mathematique
Αποθηκεύτηκε σε:
| Κύριος συγγραφέας: | |
|---|---|
| Μορφή: | Βιβλίο |
| Γλώσσα: | Greek French |
| Δημοσίευση: |
Θεσσαλονίκη :
University Studio Press,
1984.
|
| Θέματα: | |
| Ετικέτες: |
Προσθήκη ετικέτας
Δεν υπάρχουν, Καταχωρήστε ετικέτα πρώτοι!
|
MARC
| LEADER | 00000cam a2200000 i 4500 | ||
|---|---|---|---|
| 001 | 1/48183 | ||
| 008 | 941103s1984 gr | ||| |||| ||gre|| | ||
| 035 | |a 1991 |c ΒΙΒΛΙΟΘΗΚΗ |l 10043268 | ||
| 040 | |a GR-MyUA |b gre |e AACR2 | ||
| 041 | 1 | |a gre |a fre | |
| 100 | 1 | |a Βασιλειάδου-Ζάχου, Αφροδίτη. | |
| 245 | 1 | 0 | |a Dictionnaire francais-grec : |b de terminologie mathematique / |c Μαρία- Αφροδίτη Βασιλειάδου-Ζάχου. |
| 260 | |a Θεσσαλονίκη : |b University Studio Press, |c 1984. | ||
| 300 | |a 233 σ. ; |c 16 εκ. | ||
| 650 | 0 | 0 | |a Mathematics |x Dictionaries |z French. |
| 650 | 0 | 0 | |a Mathematics |x Terminology. |
| 852 | |a INST |b SAMOS |e 19941103 |h 503.41 ΒΑΣ |p 005300010266 |q 005300010266 |t REF |y 23 | ||
| 909 | |a Σ |b 019872 | ||